| 000 | 00736nam a2200253 4500 | ||
|---|---|---|---|
| 001 | 46469 | ||
| 003 | BD-RjUL | ||
| 005 | 20211209054145.0 | ||
| 008 | 500101s1976 enk 001 0 eng d | ||
| 020 | _a0421206802 (042120690X) | ||
| 035 | _a(BD-RjUL ) 46587 | ||
| 040 |
_aBD-RjUL _beng _cBD-RjUL |
||
| 041 | _aeng | ||
| 082 |
_a344.4101 _bRIP 1976 |
||
| 100 | 1 |
_aRideout, Roger W. _q(Roger William), _d1935- _9141827 |
|
| 245 | 1 | 0 |
_aPrinciples of labour law / _cby Roger W. Rideout |
| 250 | _a2nd ed. | ||
| 260 |
_aLondon : _bSweet & Maxwell, _cc1976 |
||
| 300 |
_axli, 457 p. ; _c26 cm |
||
| 504 | _aIncludes index | ||
| 650 | 0 |
_aLabor laws and legislation _zGreat Britain _9141828 |
|
| 942 |
_2ddc _cBK |
||
| 999 |
_c46469 _d46469 |
||